Hodnotenie slovenskej konkurencieschopnosti
Hodnotenie konkurencieschopnosti a index globálnej konkurencieschopnosti (GCI). Index GCI pre vybrané krajiny. Konkurencieschopnosť ekonomiky Slovenskej republiky. Odporúčania vyplývajúce zo zistení stavu konkurencieschopnosti SR.
Gespeichert in:
| 1. Verfasser: | |
|---|---|
| Format: | Buchkapitel |
| Sprache: | Slowakisch |
| Schlagworte: | |
| Tags: |
Keine Tags, Fügen Sie das erste Tag hinzu!
|
MARC
| LEADER | 00000nla a2200000 4500 | ||
|---|---|---|---|
| 001 | 0175625 | ||
| 005 | 20240502073009.7 | ||
| 041 | 0 | |a slo | |
| 044 | |a SK | ||
| 245 | 1 | 0 | |a Hodnotenie slovenskej konkurencieschopnosti |c Karol Trnovský |
| 520 | |a Hodnotenie konkurencieschopnosti a index globálnej konkurencieschopnosti (GCI). Index GCI pre vybrané krajiny. Konkurencieschopnosť ekonomiky Slovenskej republiky. Odporúčania vyplývajúce zo zistení stavu konkurencieschopnosti SR. | ||
| 610 | 2 | 0 | |a konkurencieschopnosť |
| 610 | 2 | 0 | |a konkurencia |
| 610 | 2 | 0 | |a indexy |
| 610 | 2 | 0 | |a Slovensko |
| 610 | 2 | 0 | |a svet |
| 610 | 2 | 0 | |a porovnanie medzinárodné |
| 100 | 1 | |a Trnovský, Karol, 1983- | |